[Event "MSR_ch16"]
[Site "?"]
[Date "2024.04.12"]
[Round "9.1"]
[White "Elias, David"]
[Black "Benci, Jozef"]
[Result "1-0"]
[BlackElo "2040"]
[WhiteElo "2257"]
[LiveChessVersion "1.4.8"]

1. c4 {[%clk 1:30:43]} e6 {[%clk 1:30:50]} 2. Nf3 {[%clk 1:31:09]} f5
{[%clk 1:31:01]} 3. g3 {[%clk 1:31:32]} Nf6 {[%clk 1:31:14]} 4. Bg2
{[%clk 1:31:55]} Be7 {[%clk 1:30:43]} 5. O-O {[%clk 1:32:16]} O-O
{[%clk 1:31:08]} 6. b3 {[%clk 1:31:39]} d6 {[%clk 1:29:07]} 7. d4
{[%clk 1:32:06]} Nc6 {[%clk 1:16:24]} 8. Bb2 {[%clk 1:32:18]} Qe8
{[%clk 1:10:10]} 9. Nc3 {[%clk 1:20:46]} Ne4 {[%clk 0:54:00]} 10. d5
{[%clk 1:07:01]} Nxc3 {[%clk 0:48:31]} 11. Bxc3 {[%clk 1:07:24]} Nd8
{[%clk 0:48:12]} 12. dxe6 {[%clk 1:07:45]} Nxe6 {[%clk 0:47:53]} 13. Re1
{[%clk 1:06:10]} f4 {[%clk 0:42:08]} 14. e4 {[%clk 1:06:23]} Qf7 {[%clk 0:39:52]}
15. e5 {[%clk 1:04:01]} Kh8 {[%clk 0:36:05]} 16. Qd5 {[%clk 1:01:58]} c6
{[%clk 0:34:16]} 17. Qd2 {[%clk 0:59:02]} dxe5 {[%clk 0:26:30]} 18. Nxe5
{[%clk 0:57:02]} Qh5 {[%clk 0:26:50]} 19. Nd7 {[%clk 0:53:23]} Rd8
{[%clk 0:13:22]} 20. Rxe6 {[%clk 0:53:17]} Rxd7 {[%clk 0:13:35]} 21. Qxd7
{[%clk 0:45:13]} Bxd7 {[%clk 0:13:32]} 22. Rxe7 {[%clk 0:45:39]} Qg4
{[%clk 0:06:06]} 23. f3 {[%clk 0:43:36]} Qg5 {[%clk 0:05:30]} 24. Rxd7
{[%clk 0:43:44]} fxg3 {[%clk 0:05:55]} 25. Re1 {[%clk 0:43:15]} gxh2+
{[%clk 0:04:53]} 26. Kh1 {[%clk 0:42:54]} Rg8 {[%clk 0:03:04]} 27. Rxg7
{[%clk 0:42:40]} 1-0

[Event "MSR_ch16"]
[Site "?"]
[Date "2024.04.12"]
[Round "9.2"]
[White "Earle, Dominic James"]
[Black "Oruzinsky, Juraj"]
[Result "0-1"]
[BlackElo "2118"]
[WhiteElo "1849"]
[LiveChessVersion "1.4.8"]

1. d4 {[%clk 1:30:59]} Nf6 {[%clk 1:30:54]} 2. Bf4 {[%clk 1:31:23]} g6
{[%clk 1:30:42]} 3. Nf3 {[%clk 1:31:37]} Bg7 {[%clk 1:30:59]} 4. e3
{[%clk 1:31:30]} d6 {[%clk 1:31:11]} 5. Bd3 {[%clk 1:31:38]} O-O {[%clk 1:31:05]}
6. Nbd2 {[%clk 1:31:42]} b6 {[%clk 1:30:16]} 7. Qe2 {[%clk 1:24:06]} c5
{[%clk 1:27:19]} 8. c3 {[%clk 1:24:24]} Nc6 {[%clk 1:18:01]} 9. O-O
{[%clk 1:22:34]} Bb7 {[%clk 1:13:55]} 10. e4 {[%clk 1:13:46]} Nh5
{[%clk 1:01:46]} 11. Be3 {[%clk 1:14:14]} e5 {[%clk 1:01:41]} 12. dxc5
{[%clk 1:01:58]} dxc5 {[%clk 1:01:52]} 13. Ba6 {[%clk 1:02:17]} Qc8
{[%clk 0:55:29]} 14. Bxb7 {[%clk 1:02:27]} Qxb7 {[%clk 0:55:54]} 15. Rad1
{[%clk 0:52:28]} Rad8 {[%clk 0:51:19]} 16. Bg5 {[%clk 0:46:33]} Nf4
{[%clk 0:45:25]} 17. Qc4 {[%clk 0:40:39]} Rd7 {[%clk 0:40:21]} 18. Nb3
{[%clk 0:33:37]} h6 {[%clk 0:35:47]} 19. Bxf4 {[%clk 0:29:22]} exf4
{[%clk 0:36:12]} 20. Qb5 {[%clk 0:28:16]} Rfd8 {[%clk 0:35:06]} 21. Rxd7
{[%clk 0:27:29]} Qxd7 {[%clk 0:34:42]} 22. a4 {[%clk 0:26:36]} Ne5
{[%clk 0:28:19]} 23. Nxe5 {[%clk 0:25:26]} Bxe5 {[%clk 0:26:59]} 24. Qxd7
{[%clk 0:19:08]} Rxd7 {[%clk 0:27:23]} 25. f3 {[%clk 0:19:30]} c4
{[%clk 0:27:34]} 26. Na1 {[%clk 0:19:55]} Rd2 {[%clk 0:25:28]} 27. Rf2
{[%clk 0:20:22]} Rd1+ {[%clk 0:20:10]} 28. Rf1 {[%clk 0:20:51]} Rd3
{[%clk 0:19:26]} 29. Nc2 {[%clk 0:20:14]} Bd6 {[%clk 0:19:24]} 30. h4
{[%clk 0:10:34]} Bc5+ {[%clk 0:18:34]} 31. Kh2 {[%clk 0:11:03]} Rd2
{[%clk 0:17:32]} 32. Rc1 {[%clk 0:11:31]} Bf2 {[%clk 0:13:57]} 33. Kh3
{[%clk 0:10:01]} h5 {[%clk 0:12:47]} 34. a5 {[%clk 0:09:06]} Bc5 {[%clk 0:06:14]}
35. axb6 {[%clk 0:08:31]} axb6 {[%clk 0:06:36]} 36. Kh2 {[%clk 0:05:18]} Be3
{[%clk 0:04:00]} 37. Nxe3 {[%clk 0:03:01]} fxe3 {[%clk 0:04:24]} 38. Re1
{[%clk 0:02:52]} e2 {[%clk 0:03:07]} 39. Kg3 {[%clk 0:03:16]} Rxb2
{[%clk 0:03:33]} 40. Kf2 {[%clk 0:03:33]} Rc2 {[%clk 0:03:43]} 41. Rxe2
{[%clk 0:03:58]} Rxc3 {[%clk 0:03:42]} 42. Ke1 {[%clk 0:03:57]} Rb3
{[%clk 0:01:10]} 43. Ra2 {[%clk 0:01:22]} Kg7 {[%clk 0:00:41]} 44. Ra4
{[%clk 0:01:37]} b5 {[%clk 0:00:59]} 45. Ra6 {[%clk 0:02:05]} Rb2
{[%clk 0:00:57]} 46. g4 {[%clk 0:02:06]} c3 {[%clk 0:01:08]} 47. Kd1
{[%clk 0:02:25]} hxg4 {[%clk 0:00:52]} 48. fxg4 {[%clk 0:02:53]} b4
{[%clk 0:01:11]} 49. Rc6 {[%clk 0:02:59]} Rd2+ {[%clk 0:01:12]} 50. Kc1
{[%clk 0:03:17]} Rd4 {[%clk 0:01:04]} 0-1

[Event "MSR_ch16"]
[Site "?"]
[Date "2024.04.12"]
[Round "9.3"]
[White "Pongo, Aron"]
[Black "Durana, Jonas"]
[Result "0-1"]
[BlackElo "2007"]
[WhiteElo "1887"]
[LiveChessVersion "1.4.8"]

1. d4 {[%clk 1:31:00]} d5 {[%clk 1:30:57]} 2. c4 {[%clk 1:31:29]} e6
{[%clk 1:31:23]} 3. Nc3 {[%clk 1:31:53]} c5 {[%clk 1:31:50]} 4. cxd5
{[%clk 1:31:28]} cxd4 {[%clk 1:32:15]} 5. Qa4+ {[%clk 1:31:28]} Bd7
{[%clk 1:32:41]} 6. Qxd4 exd5 {[%clk 1:33:07]} 7. Qxd5 {[%clk 1:31:55]} Nf6
{[%clk 1:33:33]} 8. Qd1 {[%clk 1:32:06]} Nc6 {[%clk 1:31:47]} 9. Nf3
{[%clk 1:32:18]} Bb4 {[%clk 1:30:15]} 10. Bd2 {[%clk 1:32:06]} O-O
{[%clk 1:29:45]} 11. e3 {[%clk 1:31:48]} Bf5 {[%clk 1:20:22]} 12. Be2
{[%clk 1:23:01]} Qe7 {[%clk 1:16:20]} 13. O-O {[%clk 1:06:48]} Rfd8
{[%clk 1:15:12]} 14. a3 {[%clk 0:57:21]} Bxc3 {[%clk 1:14:23]} 15. bxc3
{[%clk 0:57:50]} Bg4 {[%clk 0:55:51]} 16. Re1 {[%clk 0:39:40]} Bxf3
{[%clk 0:54:23]} 17. Bxf3 {[%clk 0:39:28]} Ne5 {[%clk 0:52:35]} 18. Qe2
{[%clk 0:36:33]} Rd3 {[%clk 0:48:02]} 19. Red1 {[%clk 0:31:00]} Rad8
{[%clk 0:38:50]} 20. Be1 {[%clk 0:28:58]} h6 {[%clk 0:33:02]} 21. Rdb1
{[%clk 0:21:21]} R8d7 {[%clk 0:10:53]} 22. Rb4 {[%clk 0:16:18]} b6
{[%clk 0:02:45]} 23. Rd4 {[%clk 0:15:11]} R7xd4 {[%clk 0:02:55]} 24. cxd4
{[%clk 0:14:14]} Nxf3+ {[%clk 0:03:16]} 25. Qxf3 {[%clk 0:13:12]} Rxa3
{[%clk 0:03:43]} 26. Rc1 {[%clk 0:12:06]} Qe4 {[%clk 0:01:47]} 27. Qxe4
{[%clk 0:09:11]} Nxe4 {[%clk 0:02:17]} 28. Rd1 {[%clk 0:09:07]} Rb3
{[%clk 0:01:58]} 29. d5 {[%clk 0:08:29]} Kf8 {[%clk 0:01:09]} 30. f3
{[%clk 0:06:19]} Nd6 {[%clk 0:01:29]} 31. Bg3 {[%clk 0:06:29]} Ke7
{[%clk 0:01:24]} 32. e4 {[%clk 0:05:46]} Kd7 {[%clk 0:01:40]} 33. Rc1
{[%clk 0:05:09]} Nb5 {[%clk 0:01:38]} 34. e5 {[%clk 0:04:05]} Nc3
{[%clk 0:00:58]} 35. Re1 {[%clk 0:03:26]} Nxd5 {[%clk 0:01:16]} 36. f4
{[%clk 0:02:19]} Ne3 {[%clk 0:00:55]} 37. Kf2 {[%clk 0:02:20]} Nf5
{[%clk 0:01:21]} 38. Rd1+ {[%clk 0:02:27]} Ke6 {[%clk 0:01:41]} 39. Rd8
{[%clk 0:01:57]} a5 {[%clk 0:00:39]} 40. Re8+ {[%clk 0:00:35]} Kd7
{[%clk 0:00:43]} 41. Rf8 {[%clk 0:29:28]} Ke7 {[%clk 0:28:53]} 42. Ra8
{[%clk 0:29:57]} h5 {[%clk 0:28:12]} 43. Kf1 {[%clk 0:27:24]} Nxg3+
{[%clk 0:18:16]} 44. hxg3 {[%clk 0:27:53]} Rxg3 {[%clk 0:18:13]} 45. f5
{[%clk 0:28:12]} Re3 {[%clk 0:08:55]} 46. Ra7+ {[%clk 0:27:28]} Ke8
{[%clk 0:07:46]} 47. Ra8+ {[%clk 0:27:33]} Kd7 {[%clk 0:08:09]} 48. Ra7+
{[%clk 0:27:32]} Kc6 {[%clk 0:07:23]} 49. f6 {[%clk 0:26:29]} g6 {[%clk 0:06:34]}
50. Re7 {[%clk 0:22:57]} Kd5 {[%clk 0:05:34]} 51. Rd7+ {[%clk 0:21:36]} Ke6
{[%clk 0:04:04]} 52. Re7+ {[%clk 0:17:34]} Kf5 {[%clk 0:04:18]} 53. Rxf7
{[%clk 0:17:39]} Rxe5 {[%clk 0:04:27]} 54. Rb7 {[%clk 0:17:27]} Kxf6
{[%clk 0:04:31]} 55. Rxb6+ {[%clk 0:17:56]} Kf5 {[%clk 0:04:49]} 56. Ra6
{[%clk 0:17:50]} g5 {[%clk 0:05:12]} 57. Rh6 {[%clk 0:18:10]} h4 {[%clk 0:04:00]}
58. Rh8 {[%clk 0:17:54]} a4 {[%clk 0:03:49]} 0-1

[Event "MSR_ch16"]
[Site "?"]
[Date "2024.04.12"]
[Round "9.4"]
[White "Gay, Lukas"]
[Black "Buzalka, Martin"]
[Result "1/2-1/2"]
[BlackElo "1819"]
[WhiteElo "1976"]
[LiveChessVersion "1.4.8"]

1. e4 {[%clk 1:30:53]} d5 {[%clk 1:30:55]} 2. exd5 {[%clk 1:31:04]} Qxd5
{[%clk 1:31:18]} 3. Nc3 {[%clk 1:31:28]} Qd8 {[%clk 1:31:41]} 4. d4
{[%clk 1:31:51]} Nf6 {[%clk 1:31:46]} 5. Nf3 {[%clk 1:32:13]} Bg4
{[%clk 1:32:02]} 6. h3 {[%clk 1:32:38]} Bh5 {[%clk 1:29:59]} 7. g4
{[%clk 1:33:00]} Bg6 {[%clk 1:30:23]} 8. Ne5 {[%clk 1:33:23]} Nbd7
{[%clk 1:29:42]} 9. Qe2 {[%clk 1:29:55]} Nb6 {[%clk 1:21:48]} 10. Bg2
{[%clk 1:25:59]} c6 {[%clk 1:20:11]} 11. Nxc6 {[%clk 1:09:52]} bxc6
{[%clk 1:20:20]} 12. Bxc6+ {[%clk 1:10:20]} Nfd7 {[%clk 1:20:07]} 13. Nb5
{[%clk 0:56:51]} e6 {[%clk 1:17:02]} 14. Bf4 {[%clk 0:54:01]} Rc8
{[%clk 1:13:00]} 15. Nxa7 {[%clk 0:52:50]} Rxc6 {[%clk 1:11:07]} 16. Nxc6
{[%clk 0:53:08]} Qa8 {[%clk 1:10:23]} 17. Qf3 {[%clk 0:46:28]} Bxc2
{[%clk 1:04:28]} 18. O-O {[%clk 0:45:55]} Nd5 {[%clk 0:49:28]} 19. Ne5
{[%clk 0:44:42]} Nxe5 {[%clk 0:43:20]} 20. Bxe5 {[%clk 0:44:17]} Ba4
{[%clk 0:43:26]} 21. Rfc1 {[%clk 0:41:57]} f6 {[%clk 0:41:33]} 22. Bg3
{[%clk 0:41:49]} Be7 {[%clk 0:41:18]} 23. Qe4 {[%clk 0:32:50]} Bd7
{[%clk 0:40:45]} 24. a3 {[%clk 0:31:31]} O-O {[%clk 0:40:13]} 25. Rc2
{[%clk 0:29:16]} 1/2-1/2

[Event "MSR_ch16"]
[Site "?"]
[Date "2024.04.12"]
[Round "9.5"]
[White "Polomsky, Tomas"]
[Black "Szakal, Bartolomej"]
[Result "1/2-1/2"]
[BlackElo "1839"]
[WhiteElo "1951"]
[LiveChessVersion "1.4.8"]

1. b4 {[%clk 1:30:58]} g5 {[%clk 1:30:59]} 2. Bb2 {[%clk 1:31:14]} Nf6
{[%clk 1:31:21]} 3. c4 {[%clk 1:30:54]} e6 {[%clk 1:30:45]} 4. Nf3
{[%clk 1:31:08]} h6 {[%clk 1:28:57]} 5. a3 {[%clk 1:31:35]} Bg7 {[%clk 1:29:12]}
6. Nc3 {[%clk 1:30:42]} b6 {[%clk 1:28:34]} 7. h3 Bb7 {[%clk 1:28:54]} 8. Ra2
{[%clk 1:30:27]} O-O {[%clk 1:28:54]} 9. e3 {[%clk 1:29:19]} d5 {[%clk 1:28:50]}
10. Qa1 {[%clk 1:25:31]} Nbd7 {[%clk 1:25:41]} 11. cxd5 {[%clk 1:21:01]} Nxd5
{[%clk 1:25:17]} 12. Nxd5 {[%clk 1:20:36]} Bxb2 {[%clk 1:25:31]} 13. Rxb2
{[%clk 1:20:54]} Bxd5 {[%clk 1:25:53]} 14. Be2 {[%clk 1:21:15]} Qf6
{[%clk 1:25:40]} 15. O-O {[%clk 1:20:41]} c5 {[%clk 1:25:04]} 16. Rc2
{[%clk 1:14:47]} Qxa1 {[%clk 1:22:54]} 17. Rxa1 {[%clk 1:15:16]} a5
{[%clk 1:12:18]} 18. Rb1 {[%clk 1:04:23]} axb4 {[%clk 1:05:33]} 19. axb4
{[%clk 1:04:52]} Rfc8 {[%clk 1:02:21]} 20. Rbc1 {[%clk 1:02:20]} Rc7
{[%clk 0:59:31]} 21. d4 {[%clk 0:49:11]} Rac8 {[%clk 0:59:10]} 22. Ba6
{[%clk 0:44:52]} Ra8 {[%clk 0:58:23]} 23. Bb5 {[%clk 0:44:15]} Bc6
{[%clk 0:54:36]} 24. Bxc6 {[%clk 0:43:34]} Rxc6 {[%clk 0:55:05]} 25. dxc5
{[%clk 0:43:26]} bxc5 {[%clk 0:55:32]} 26. Nd4 {[%clk 0:43:25]} Rc7
{[%clk 0:54:24]} 27. bxc5 {[%clk 0:43:09]} Rac8 {[%clk 0:54:31]} 28. Nb3
{[%clk 0:42:55]} Kf8 {[%clk 0:51:38]} 29. Kf1 {[%clk 0:42:48]} Ke7
{[%clk 0:51:43]} 30. Ke2 {[%clk 0:42:58]} e5 {[%clk 0:51:45]} 31. f3
{[%clk 0:39:12]} Ke6 {[%clk 0:50:54]} 32. g4 {[%clk 0:35:23]} f6 {[%clk 0:50:54]}
33. Kd1 {[%clk 0:33:12]} Nb8 {[%clk 0:47:12]} 34. Ke2 {[%clk 0:32:24]} Nd7
{[%clk 0:47:33]} 35. e4 {[%clk 0:31:58]} Nb8 {[%clk 0:47:32]} 36. Rd2
{[%clk 0:31:19]} Nd7 {[%clk 0:44:14]} 37. Rd5 {[%clk 0:29:54]} Rc6
{[%clk 0:41:39]} 38. Kd1 {[%clk 0:25:32]} R8c7 {[%clk 0:41:07]} 39. Rc3
{[%clk 0:22:55]} Rc8 {[%clk 0:41:19]} 40. Kc1 {[%clk 0:21:01]} Nb6
{[%clk 0:38:29]} 41. Rcd3 {[%clk 0:17:59]} Na4 {[%clk 0:37:38]} 42. Rd6+
{[%clk 0:17:44]} Rxd6 {[%clk 0:37:32]} 43. Rxd6+ {[%clk 0:18:12]} Ke7
{[%clk 0:37:50]} 44. Rd5 {[%clk 0:18:06]} Nc3 {[%clk 0:33:49]} 45. Rd2
{[%clk 0:18:12]} Na4 {[%clk 0:33:28]} 46. Rc2 {[%clk 0:17:29]} Kd7
{[%clk 0:33:16]} 47. Rc4 {[%clk 0:11:44]} Ra8 {[%clk 0:28:37]} 48. Kc2
{[%clk 0:07:32]} Kc6 {[%clk 0:28:42]} 49. Nd2 {[%clk 0:06:30]} Kb5
{[%clk 0:27:37]} 50. c6 {[%clk 0:06:17]} Rc8 {[%clk 0:27:02]} 51. c7
{[%clk 0:05:02]} Nc5 {[%clk 0:26:28]} 52. Rc3 {[%clk 0:04:54]} Rxc7
{[%clk 0:26:05]} 53. Nc4 {[%clk 0:04:35]} Kc6 {[%clk 0:20:03]} 54. Ne3
{[%clk 0:04:29]} Kd7 {[%clk 0:17:55]} 55. Nf5 {[%clk 0:04:20]} Ne6
{[%clk 0:17:54]} 56. Rxc7+ {[%clk 0:02:47]} Nxc7 {[%clk 0:18:05]} 57. Nxh6
{[%clk 0:03:01]} Ke7 {[%clk 0:17:56]} 58. Nf5+ {[%clk 0:02:48]} Kf7
{[%clk 0:18:05]} 59. Kd3 {[%clk 0:02:28]} Ne6 {[%clk 0:18:08]} 60. h4 gxh4
{[%clk 0:18:08]} 61. Nxh4 {[%clk 0:03:12]} Nf4+ {[%clk 0:16:38]} 62. Kc4
{[%clk 0:02:30]} Ne6 {[%clk 0:16:51]} 63. Kd5 {[%clk 0:02:20]} Ng5
{[%clk 0:16:40]} 64. Kd6 {[%clk 0:02:01]} Nh7 {[%clk 0:14:31]} 65. Ng2
{[%clk 0:01:30]} Ng5 {[%clk 0:14:41]} 66. Kd5 {[%clk 0:01:57]} Nxf3
{[%clk 0:14:25]} 67. Ne3 {[%clk 0:01:51]} Ng5 {[%clk 0:14:26]} 68. Nf5
{[%clk 0:30:02]} Kg6 {[%clk 0:42:06]} 1/2-1/2

[Event "MSR_ch16"]
[Site "?"]
[Date "2024.04.12"]
[Round "9.6"]
[White "Mantic, Andrej"]
[Black "Hitka, Dominik"]
[Result "0-1"]
[BlackElo "1854"]
[WhiteElo "1855"]
[LiveChessVersion "1.4.8"]

1. d4 {[%clk 1:30:51]} Nf6 {[%clk 1:28:25]} 2. c4 {[%clk 1:30:45]} c5
{[%clk 1:28:49]} 3. d5 {[%clk 1:30:14]} b5 {[%clk 1:29:10]} 4. Bg5
{[%clk 1:29:36]} Qb6 {[%clk 1:24:22]} 5. Qc2 {[%clk 1:26:43]} bxc4
{[%clk 1:22:18]} 6. e4 {[%clk 1:25:21]} Nxe4 {[%clk 1:07:55]} 7. Qxe4
{[%clk 1:23:30]} Qxb2 {[%clk 1:06:33]} 8. Bxe7 {[%clk 1:22:40]} Bxe7
{[%clk 1:06:39]} 9. d6 {[%clk 1:21:47]} Nc6 {[%clk 1:07:03]} 10. dxe7
{[%clk 1:20:04]} Qxa1 {[%clk 1:06:52]} 11. Nf3 {[%clk 1:19:56]} Qf6
{[%clk 1:05:17]} 12. Be2 {[%clk 1:19:28]} Qxe7 {[%clk 1:05:04]} 13. Qxc4
{[%clk 1:19:53]} Nb4 {[%clk 1:02:39]} 14. O-O {[%clk 1:16:03]} Ba6
{[%clk 1:00:46]} 15. Qg4 {[%clk 1:13:22]} Bxe2 {[%clk 0:59:50]} 16. Qxg7
{[%clk 1:12:56]} O-O-O {[%clk 1:00:00]} 17. Re1 {[%clk 1:12:56]} Nc2
{[%clk 0:59:38]} 0-1

[Event "MSR_ch16"]
[Site "?"]
[Date "2024.04.12"]
[Round "9.7"]
[White "Osvald, David"]
[Black "Hasala, Richard"]
[Result "1-0"]
[BlackElo "1851"]
[WhiteElo "1554"]
[LiveChessVersion "1.4.8"]

1. c4 {[%clk 1:30:58]} e6 {[%clk 1:29:50]} 2. d4 {[%clk 1:30:49]} d5
{[%clk 1:30:09]} 3. Nf3 {[%clk 1:31:03]} Nf6 {[%clk 1:30:32]} 4. g3
{[%clk 1:30:59]} Bb4+ {[%clk 1:30:06]} 5. Bd2 {[%clk 1:30:52]} Be7
{[%clk 1:30:30]} 6. Bg2 {[%clk 1:30:27]} O-O {[%clk 1:30:50]} 7. O-O
{[%clk 1:30:02]} c6 {[%clk 1:29:07]} 8. Bc3 {[%clk 1:26:52]} Nbd7
{[%clk 1:23:49]} 9. b3 {[%clk 1:25:06]} b6 {[%clk 1:22:50]} 10. Nbd2
{[%clk 1:22:52]} Bb7 {[%clk 1:22:29]} 11. Qc2 {[%clk 1:13:41]} Qc7
{[%clk 1:16:04]} 12. Rac1 {[%clk 1:07:48]} Rac8 {[%clk 1:12:02]} 13. Bb2
{[%clk 0:59:05]} Qb8 {[%clk 1:04:09]} 14. a4 {[%clk 0:54:04]} c5 {[%clk 0:59:28]}
15. e3 {[%clk 0:52:47]} dxc4 {[%clk 0:49:01]} 16. bxc4 {[%clk 0:48:32]} cxd4
{[%clk 0:45:08]} 17. exd4 {[%clk 0:42:03]} Ne8 {[%clk 0:27:35]} 18. Qd3
{[%clk 0:35:26]} Nd6 {[%clk 0:27:36]} 19. Ne5 {[%clk 0:32:42]} Rfd8
{[%clk 0:25:44]} 20. Nxd7 {[%clk 0:30:23]} Rxd7 {[%clk 0:26:06]} 21. d5
{[%clk 0:29:24]} exd5 {[%clk 0:20:42]} 22. Bh3 {[%clk 0:24:32]} f5
{[%clk 0:13:27]} 23. cxd5 {[%clk 0:21:59]} Rf8 {[%clk 0:12:12]} 24. Nf3
{[%clk 0:18:17]} Ne4 {[%clk 0:07:51]} 25. Bxf5 {[%clk 0:13:40]} Rxf5
{[%clk 0:07:01]} 26. Qxe4 {[%clk 0:13:39]} Rfxd5 {[%clk 0:07:14]} 27. Qe6+
{[%clk 0:13:25]} Kh8 {[%clk 0:02:26]} 28. Ne5 {[%clk 0:12:47]} Rxe5
{[%clk 0:01:47]} 29. Qxd7 {[%clk 0:08:39]} Rc5 {[%clk 0:00:40]} 30. Qxe7
{[%clk 0:08:25]} 1-0

[Event "MSR_ch16"]
[Site "?"]
[Date "2024.04.12"]
[Round "9.8"]
[White "Smetana, Peter"]
[Black "Krivosik, Matus"]
[Result "1-0"]
[BlackElo "1782"]
[WhiteElo "1949"]
[LiveChessVersion "1.4.8"]

1. e4 {[%clk 1:30:53]} c6 {[%clk 1:30:57]} 2. Nf3 {[%clk 1:31:03]} d5
{[%clk 1:31:21]} 3. Nc3 {[%clk 1:31:12]} Bg4 {[%clk 1:31:44]} 4. h3
{[%clk 1:31:33]} Bxf3 {[%clk 1:32:08]} 5. Qxf3 {[%clk 1:31:57]} e6
{[%clk 1:32:27]} 6. g3 {[%clk 1:32:10]} Nf6 {[%clk 1:32:34]} 7. Bg2
{[%clk 1:32:28]} Bc5 {[%clk 1:32:11]} 8. O-O {[%clk 1:32:11]} O-O
{[%clk 1:32:01]} 9. d3 {[%clk 1:31:08]} h6 {[%clk 1:25:40]} 10. Rd1
{[%clk 1:21:56]} e5 {[%clk 1:22:14]} 11. exd5 {[%clk 1:20:59]} Re8
{[%clk 1:19:17]} 12. Ne4 {[%clk 1:10:04]} Be7 {[%clk 1:15:09]} 13. Nxf6+
{[%clk 1:04:42]} Bxf6 {[%clk 1:15:29]} 14. c3 {[%clk 1:02:56]} a5
{[%clk 1:11:19]} 15. dxc6 {[%clk 1:01:46]} Nxc6 {[%clk 1:11:06]} 16. Qg4
{[%clk 1:01:54]} Kh8 {[%clk 1:05:13]} 17. Qc4 {[%clk 0:46:11]} Qb6
{[%clk 1:01:35]} 18. Bxc6 {[%clk 0:40:55]} bxc6 {[%clk 1:01:46]} 19. Qxf7
{[%clk 0:41:11]} a4 {[%clk 0:58:05]} 20. Qh5 {[%clk 0:39:54]} e4 {[%clk 0:50:47]}
21. dxe4 {[%clk 0:32:19]} Rxe4 {[%clk 0:42:58]} 22. Bxh6 {[%clk 0:31:16]} Kg8
{[%clk 0:39:03]} 23. Rab1 {[%clk 0:30:18]} Rae8 {[%clk 0:26:23]} 24. Bf4
{[%clk 0:17:08]} Re2 {[%clk 0:24:17]} 25. Rf1 {[%clk 0:17:02]} Be5
{[%clk 0:22:30]} 1-0

[Event "MSR_ch16"]
[Site "?"]
[Date "2024.04.12"]
[Round "9.9"]
[White "Liska, Leo"]
[Black "Vargosko, Juraj"]
[Result "0-1"]
[BlackElo "1936"]
[WhiteElo "1361"]
[LiveChessVersion "1.4.8"]

1. d4 {[%clk 1:27:58]} Nf6 {[%clk 1:30:53]} 2. c4 {[%clk 1:28:23]} e6
{[%clk 1:31:18]} 3. Nf3 {[%clk 1:28:49]} d5 {[%clk 1:31:44]} 4. Nc3
{[%clk 1:29:13]} c6 {[%clk 1:32:11]} 5. cxd5 {[%clk 1:29:35]} exd5
{[%clk 1:32:35]} 6. Bg5 {[%clk 1:29:59]} Be7 {[%clk 1:32:30]} 7. Qc2
{[%clk 1:30:13]} h6 {[%clk 1:31:22]} 8. Bh4 {[%clk 1:30:01]} O-O {[%clk 1:31:36]}
9. e3 {[%clk 1:30:27]} Bg4 {[%clk 1:30:32]} 10. Ne5 {[%clk 1:30:51]} Be6
{[%clk 1:28:34]} 11. Bd3 {[%clk 1:31:05]} Nbd7 {[%clk 1:27:57]} 12. Nf3
{[%clk 1:26:28]} Rc8 {[%clk 1:24:52]} 13. O-O {[%clk 1:26:40]} a6
{[%clk 1:19:02]} 14. Rfb1 {[%clk 1:25:06]} c5 {[%clk 1:18:30]} 15. Be2
{[%clk 1:23:24]} b5 {[%clk 1:17:54]} 16. dxc5 {[%clk 1:23:15]} Nxc5
{[%clk 1:17:56]} 17. Qd2 {[%clk 1:22:48]} Nfe4 {[%clk 1:15:50]} 18. Nxe4
{[%clk 1:21:32]} Nxe4 {[%clk 1:16:13]} 19. Bxe7 Nxd2 {[%clk 1:10:01]} 20. Bxd8
{[%clk 1:22:16]} Nxb1 {[%clk 1:09:54]} 21. Ba5 {[%clk 1:22:07]} Rc1+
{[%clk 1:10:13]} 22. Bf1 {[%clk 1:18:53]} Rfc8 {[%clk 1:10:22]} 23. Nd4
{[%clk 1:16:14]} Rxf1+ {[%clk 1:08:26]} 24. Kxf1 {[%clk 1:16:25]} Rc1+
{[%clk 1:08:48]} 25. Ke2 {[%clk 1:16:35]} Nc3+ {[%clk 1:09:06]} 26. Bxc3
{[%clk 1:16:06]} Rxa1 {[%clk 1:09:32]} 27. a3 Rh1 {[%clk 1:08:21]} 28. h3
{[%clk 1:16:49]} Rg1 {[%clk 1:07:51]} 29. Kf3 {[%clk 1:15:27]} h5
{[%clk 1:07:33]} 30. Nc2 {[%clk 1:15:47]} Rb1 {[%clk 1:04:23]} 31. Nb4
{[%clk 1:16:01]} a5 {[%clk 1:01:46]} 32. Nc6 {[%clk 1:16:01]} d4 {[%clk 1:02:08]}
33. Nxd4 {[%clk 1:15:17]} b4 {[%clk 1:02:21]} 34. axb4 {[%clk 1:15:36]} axb4
{[%clk 1:02:46]} 35. Bxb4 {[%clk 1:14:22]} Rxb2 {[%clk 1:03:08]} 36. Nxe6
{[%clk 1:14:46]} fxe6 {[%clk 1:03:33]} 37. Bd6 {[%clk 1:14:07]} Kf7
{[%clk 1:03:41]} 38. h4 {[%clk 1:13:03]} Kf6 {[%clk 1:01:49]} 39. Bc7
{[%clk 1:09:43]} Kf5 {[%clk 0:59:58]} 40. Bd8 {[%clk 1:05:54]} Rb4
{[%clk 0:58:22]} 41. Bg5 {[%clk 0:59:20]} Rg4 {[%clk 0:56:58]} 42. g3
{[%clk 0:53:47]} Ra4 {[%clk 0:53:30]} 43. Be7 {[%clk 0:52:24]} e5
{[%clk 0:53:05]} 44. Bg5 {[%clk 0:52:14]} e4+ {[%clk 0:51:26]} 45. Kg2
{[%clk 0:52:06]} Ra2 {[%clk 0:48:55]} 46. Bd8 {[%clk 0:51:36]} Ke6
{[%clk 0:48:51]} 47. Bg5 {[%clk 0:41:41]} Kd5 {[%clk 0:48:41]} 48. g4
{[%clk 0:41:36]} hxg4 {[%clk 0:48:22]} 49. Kg3 {[%clk 0:41:38]} Kc4
{[%clk 0:47:08]} 50. Kxg4 {[%clk 0:41:57]} Rxf2 {[%clk 0:47:28]} 51. Kh5
{[%clk 0:42:02]} Rf7 {[%clk 0:46:05]} 52. Kg6 {[%clk 0:41:58]} Rb7
{[%clk 0:46:25]} 53. h5 {[%clk 0:41:20]} Kd3 {[%clk 0:46:29]} 54. Kf5
{[%clk 0:40:40]} Rb6 {[%clk 0:42:59]} 55. Bf4 {[%clk 0:36:47]} Rb1
{[%clk 0:36:10]} 56. Kg6 {[%clk 0:36:50]} Rg1+ {[%clk 0:33:58]} 57. Kf5
{[%clk 0:35:12]} Rh1 {[%clk 0:32:43]} 58. Kg4 {[%clk 0:28:27]} Ke2
{[%clk 0:29:07]} 59. Kf5 {[%clk 0:25:21]} Kf3 {[%clk 0:28:56]} 60. Kg5
{[%clk 0:20:13]} Rg1+ {[%clk 0:27:04]} 61. Kf5 {[%clk 0:20:24]} Rg2
{[%clk 0:23:16]} 62. Ke5 {[%clk 0:12:49]} g5 {[%clk 0:22:51]} 63. hxg6
{[%clk 0:13:05]} Rxg6 {[%clk 0:23:08]} 64. Kd4 {[%clk 0:12:56]} Rg1
{[%clk 0:23:11]} 65. Kc3 {[%clk 0:12:08]} Rd1 {[%clk 0:23:33]} 0-1